Vista del fiscal de la Corte Suprema Ambrosio Montt presentada al Consejo de Estado con motivo de la reclamacion interpuesta por la Compañía de Consumidores de Agua, contra el acuerdo municipal que se atribuye el dominio de las calles y plazas públicas. (Record no. 160106)

MARC details
000 -LEADER
campo de control de longitud fija 00795nam a22001695i 4500
001 - NÚMERO DE CONTROL
campo de control 160106
003 - IDENTIFICADOR DE NÚMERO DE CONTROL
campo de control ES-MaACL
005 - FECHA Y HORA DE LA ÚLTIMA TRANSACCIÓN
campo de control 20230906211932.0
008 - DATOS DE LONGITUD FIJA--INFORMACIÓN GENERAL
campo de control de longitud fija 040920s1883 cl |||| | spa d
040 ## - FUENTE DE CATALOGACIÓN
Centro catalogador/agencia de origen CAM
Lengua de catalogación spa
Centro/agencia transcriptor CAM
100 1# - ENTRADA PRINCIPAL--NOMBRE DE PERSONA
Nombre de persona Montt, Ambrosio.
9 (RLIN) 130119
245 10 - MENCIÓN DEL TÍTULO
Título Vista del fiscal de la Corte Suprema Ambrosio Montt presentada al Consejo de Estado con motivo de la reclamacion interpuesta por la Compañía de Consumidores de Agua, contra el acuerdo municipal que se atribuye el dominio de las calles y plazas públicas.
260 ## - PUBLICACIÓN, DISTRIBUCIÓN, ETC.
Lugar de publicación, distribución, etc. Valparaiso :
Nombre del editor, distribuidor, etc. [s.n.],
Fecha de publicación, distribución, etc. 1883 (
Fabricante Imprenta de "La Patria")
300 ## - DESCRIPCIÓN FÍSICA
Extensión 111 p. ;
Dimensiones 20 cm.
650 #4 - PUNTO DE ACCESO ADICIONAL DE MATERIA--TÉRMINO DE MATERIA
Término de materia o nombre geográfico como elemento de entrada Agua-
Subdivisión geográfica Valparaiso (Chile)
9 (RLIN) 135543
852 ## - LOCALIZACIÓN
Ubicación ES-MaACL
Número de control de estantería T-471-F-11
Nota libre -- Enc. hol.
condición física -- Falto de la cub. original
Nota libre -- Enc. en un vol. facticio
Holdings
Estatus retirado Estado de pérdida Estado de daño No para préstamo Colección Biblioteca de origen Biblioteca actual Ubicación en estantería Fecha de adquisición Total de préstamos Signatura topográfica completa Código de barras Visto por última vez Precio de reemplazo Tipo de ítem Koha
        Colección de folletos Biblioteca del Ateneo de Madrid Biblioteca del Ateneo de Madrid Depósito folletos 17/01/2008   T-471-F-11 1167620 23/02/2023 23/02/2023 Folleto